Informační systémy v podnikové praxi
Na minha lista:
| Autor principal: | |
|---|---|
| Outros Autores: | |
| Formato: | Livro |
| Idioma: | tcheco |
| Publicado em: |
Brno
Computer Press
2010
|
| Edição: | 2. aktual. a rozš. vyd. |
| Assuntos: | |
| Tags: |
Sem tags, seja o primeiro a adicionar uma tag!
|
MARC
| LEADER | 00000nam$a2200000$$$4500 | ||
|---|---|---|---|
| 001 | 0144113 | ||
| 005 | 20240313085855.3 | ||
| 020 | |a 978-80-251-2878-7 | ||
| 041 | 0 | |a cze | |
| 044 | |a CZ | ||
| 245 | 1 | 0 | |a Informační systémy v podnikové praxi |c Petr Sodomka, Hana Klčová |
| 250 | |a 2. aktual. a rozš. vyd. | ||
| 264 | 1 | |a Brno |b Computer Press |c 2010 | |
| 300 | |a 501 s. | ||
| 610 | 2 | 0 | |a systémy informačné podnikové |
| 610 | 2 | 0 | |a informácie |
| 610 | 2 | 0 | |a učiaca sa organizácia |
| 610 | 2 | 0 | |a stratégia informačná |
| 610 | 2 | 0 | |a systémy informačné |
| 610 | 2 | 0 | |a riadenie výroby |
| 610 | 2 | 0 | |a riadenie vzťahov so zákazníkmi |
| 610 | 2 | 0 | |a systém CRM |
| 610 | 2 | 0 | |a systémy informačné riadiace |
| 100 | 1 | |a Sodomka, Petr | |
| 700 | 1 | |a Klčová, Hana | |